Rubber-soled footwear : Growing interest in the moulding process (Record no. 68309)

MARC details
000 -LEADER
fixed length control field 00344nam a2200121Ia 4500
245 #0 - TITLE STATEMENT
Title Rubber-soled footwear : Growing interest in the moulding process
260 ## - PUBLICATION, DISTRIBUTION, ETC. (IMPRINT)
Name of publisher Rubber Developments
Year of publication 1953
300 ## - PHYSICAL DESCRIPTION
Number of Pages 17-Nov
650 ## - SUBJECT ADDED ENTRY--TOPICAL TERM
Topical Term Moulding process
650 ## - SUBJECT ADDED ENTRY--TOPICAL TERM
Topical Term Rubber-soled footwear
942 ## - ADDED ENTRY ELEMENTS (KOHA)
Koha item type Journals
Holdings
Withdrawn status Lost status Damaged status Not for loan Home library Current library Shelving location Date acquired Serial Enumeration / chronology Koha item type
      Journals RRII Library RRII Library Rubber chemistry 17/12/2021 Volume 6, Issue 1 Journals